000 00600nam a22002177a 4500
003 OSt
005 20150428140018.0
008 150428b xxu||||| |||| 00| 0 eng d
020 _a9788177581300
040 _cDDC
082 _222nd ed.
_a546 INO 2006
100 _aHuheey, James E.
_94236
245 _aInorganic chemistry:
_bprinciples of structure and reactivity
250 _a4th ed.
260 _aIndia;
_bPearson,
_c2006
300 _axviii, 808p;
_bill:
_c24cm
504 _aIndex included
650 _aInorganic chemistry
_9799
700 _aKeiter, Ellen A.
_94237
942 _2ddc
_cO_SHELF
999 _c1606
_d1606